Deutschsprachige Musiker*innen und Bands A-Z - Statistiken

Allgemein
  • Dieses Quiz wurde 202 mal gespielt
  • Das Durchschnittsergebnis liegt bei 13 aus 26
Antwortstatistiken
Hinweise Antwort % Korrekt
F Atemlos durch die Nacht, Herzbeben Helene Fischer
94%
J Griechischer Wein, Ich war noch niemals in New York Udo Jürgens
90%
T An Tagen wie diesen, Hier kommt Alex Die Toten Hosen
87%
G Bochum, Currywurst Herbert Grönemeyer
82%
D Bauch Beine Po, Ich darf das Shirin David
77%
C Wildberry Lillet, Ich hass dich Nina Chuba
74%
U So wie du warst, Geboren um zu leben Unheilig
72%
H Viva Colonia, Wenn nicht jetzt wann dann Die Höhner
64%
N Ein bisschen Frieden, Mit dir vielleicht Nicole
63%
A Pocahontas, Barfuß am Klavier AnnenMayKantereit
60%
S Gott muss ein Seemann sein, Es gibt nur Wasser Santiano
53%
K Autobahn, Das Model Kraftwerk
52%
R Ich bin Ich, Liebe ist alles Rosenstolz
52%
M Sexy, Freiheit Marius Müller-Westernhagen
50%
L Ich liebe das Leben, Theo wir fahr'n nach Lodz Vicky Leandros
48%
Z Hier kommt Kurt, Nur nach Hause Frank Zander
46%
B Brandenburgische Konzerte, Goldberg-Variationen Johann Sebastian Bach
39%
O Augen auf, Gott ist ein Popstar Oomph
32%
P Alt wie ein Baum, Wenn ein Mensch lebt Puhdys
28%
W Tristan und Isolde, Lohegrin Richard Wagner
25%
E Pump It, Hypa Hypa Electric Callboy
22%
Q Nie mehr Fastelovend, Guten Morgen Barbarossaplatz Querbeat
22%
I Blaue Augen, Monotonie Ideal
21%
Y Ponny, Eisblock Yung Hurn
16%
V Wenn du tanzt, Meine Kneipe Von Wegen Lisbeth
14%
X Ebbe und Flut, Mama war der Mann im Haus Xatar
10%
Keine übereinstimmenden Quizze gefunden
Verteilung der Resultate
Anzahl Personen mit jedem Resultat
Perzentil nach korrekt beantworteten Fragen
Ihre Resultats-Entwicklung
Sie haben dieses Quiz noch nicht gespielt